[Event "Capablanca mem Premier I"]
[Site "La Habana CUB"]
[Date "2005.05.16"]
[Round "11.7"]
[White "De la Paz, Frank"]
[Black "Vera, Reynaldo"]
[Result "0-1"]
[WhiteElo "2461"]
[BlackElo "2507"]
[PlyCount "82"]
[EventDate "2005.05.06"]
[EventType "tourn"]
[EventRounds "1"]
[EventCountry "CUB"]
[EventCategory "8"]
[Source "lmi"]
[SourceDate "2005.05.22"]

1. e4 c5 2. Nf3 d6 3. d4 cxd4 4. Nxd4 Nf6 5. Nc3 a6 6. Be3 e5 7. Nb3 Be6 8. f3
Nbd7 9. g4 Nb6 10. g5 Nh5 11. Qd2 Rc8 12. O-O-O Be7 13. Kb1 O-O 14. Rg1 Qc7 15.
Qf2 Nc4 16. Bxc4 Qxc4 17. Bb6 Qc6 18. Na5 Qd7 19. Qd2 Nf4 20. Be3 Rxc3 21. bxc3
Qb5+ 22. Nb3 a5 23. Bxf4 exf4 24. Ka1 Bxg5 25. Qd4 a4 26. Nc5 dxc5 27. Rxg5 g6
28. Qd3 Bc4 29. Qd6 a3 30. Rb1 Qa5 31. Qf6 Be6 32. h4 Qa4 33. Rb3 Bxb3 34. axb3
Qb5 35. Qxf4 Qe2 36. Qc1 c4 37. bxc4 Qxf3 38. Qxa3 Qxe4 39. Kb2 Qxh4 40. Qc5
Qh1 41. Qd5 Ra8 0-1

[Event "Capablanca mem Premier I"]
[Site "La Habana CUB"]
[Date "2005.05.17"]
[Round "12.2"]
[White "Flores, Diego"]
[Black "De la Paz, Frank"]
[Result "1-0"]
[WhiteElo "2491"]
[BlackElo "2461"]
[PlyCount "177"]
[EventDate "2005.05.06"]
[EventType "tourn"]
[EventRounds "1"]
[EventCountry "CUB"]
[EventCategory "8"]
[Source "lmi"]
[SourceDate "2005.05.22"]

1. Nf3 Nf6 2. c4 g6 3. Nc3 Bg7 4. d4 O-O 5. e4 d6 6. Be2 Na6 7. Bg5 Qe8 8. Nd2
e5 9. d5 Nd7 10. a3 f5 11. exf5 h6 12. f6 Nxf6 13. Bxf6 Rxf6 14. Nde4 Rf4 15.
g3 Rf8 16. b4 Bh3 17. Bg4 Bxg4 18. Qxg4 Qf7 19. O-O Qf5 20. Qe2 Qf3 21. Qxf3
Rxf3 22. Kg2 Rf7 23. Rfd1 Bf8 24. Rac1 b6 25. Rd3 Nb8 26. Rf3 a6 27. h4 Nd7 28.
h5 g5 29. Nd1 Rc8 30. Rcc3 c6 31. Rxf7 Kxf7 32. Rf3+ Kg8 33. Ne3 cxd5 34. cxd5
b5 35. Kh3 Rc1 36. Kg4 Rc8 37. Kf5 Kf7 38. Ng4 Rc1 39. Rc3 Rxc3 40. Nxc3 Nb6
41. Ne3 Be7 42. Ke4 g4 43. Nxg4 Bg5 44. f4 exf4 45. gxf4 Bf6 46. Nxh6+ Kf8 47.
Nd1 Nc4 48. Ng4 Bh8 49. Kf5 Kf7 50. Ndf2 Nxa3 51. Ne4 Nc4 52. Ng5+ Ke7 53. Kg6
a5 54. bxa5 b4 55. a6 Bd4 56. f5 b3 57. a7 Bxa7 58. f6+ Kd7 59. f7 b2 60. f8=Q
b1=Q+ 61. Qf5+ Qxf5+ 62. Kxf5 Bd4 63. h6 Ke7 64. Ne6 Ba1 65. Kg6 Nb6 66. Nf4
Nd7 67. Kf5 Kf7 68. Ne6 Nb6 69. Ng5+ Ke7 70. Ne3 Nd7 71. Ng2 Nb6 72. Nf4 Bb2
73. h7 Bd4 74. Ng6+ Kd7 75. Nf7 Bg7 76. Nge5+ Ke7 77. Kg6 Kf8 78. Ng5 Bh8 79.
Nef7 Nxd5 80. Nxh8 Ne7+ 81. Kf6 Nd5+ 82. Kg6 Ne7+ 83. Kf6 Nd5+ 84. Kf5 Ne7+ 85.
Kf6 Nd5+ 86. Kf5 Ne7+ 87. Ke6 Kg7 88. Kxe7 Kxh8 89. Kf6 1-0

[Event "Capablanca mem Premier I"]
[Site "La Habana CUB"]
[Date "2005.05.17"]
[Round "12.3"]
[White "Ortega, Mariano"]
[Black "Perez, Rodney"]
[Result "1/2-1/2"]
[WhiteElo "2411"]
[BlackElo "2437"]
[PlyCount "149"]
[EventDate "2005.05.06"]
[EventType "tourn"]
[EventRounds "1"]
[EventCountry "CUB"]
[EventCategory "8"]
[Source "lmi"]
[SourceDate "2005.05.22"]

1. d4 d5 2. c4 c6 3. Nf3 Nf6 4. e3 a6 5. Bd3 Bg4 6. O-O Nbd7 7. h3 Bh5 8. Nbd2
e6 9. b3 Bd6 10. Bb2 Qb8 11. Qc2 O-O 12. a3 Re8 13. Rfe1 Bxf3 14. Nxf3 e5 15.
dxe5 Nxe5 16. Nxe5 Bxe5 17. cxd5 cxd5 18. Rac1 h5 19. b4 Re7 20. Red1 Qe8 21.
Bxe5 Rxe5 22. Qb2 Rd8 23. Rc7 Re7 24. Rdc1 Rxc7 25. Rxc7 Rd7 26. Rc2 Qe7 27.
Rc8+ Rd8 28. Qc2 g6 29. Qc5 Qxc5 30. Rxc5 Rd7 31. b5 axb5 32. Bxb5 Re7 33. a4
h4 34. Kf1 Kg7 35. a5 g5 36. Bd3 Kf8 37. Bf5 Re5 38. Bc8 Ne4 39. Rc7 Nd2+ 40.
Ke2 Nc4 41. Bxb7 Nxa5 42. Ba8 Nc4 43. Bxd5 Rxd5 44. Rxc4 Kg7 45. f4 f6 46. fxg5
fxg5 47. Kf3 Rd3 48. Rc6 Kf7 49. Ra6 Rb3 50. Ra1 Kf6 51. Rf1 Kf5 52. Rf2 Rb4
53. Ra2 Rc4 54. Re2 Re4 55. Re1 g4+ 56. hxg4+ Rxg4 57. Rd1 Rg3+ 58. Kf2 Rg4 59.
Rd5+ Ke6 60. Rd4 Kf5 61. Rd5+ Ke6 62. Rh5 Kf6 63. Rh8 Kf5 64. Rf8+ Ke5 65. Rf7
Ke4 66. Rf3 Ke5 67. Kg1 Ra4 68. Rf8 Ra2 69. Rf3 Ra1+ 70. Kh2 Re1 71. Kh3 Rh1+
72. Kg4 Rh2 73. Rf8 Rxg2+ 74. Kxh4 Rg1 75. Rf4 1/2-1/2

[Event "Capablanca mem Premier I"]
[Site "La Habana CUB"]
[Date "2005.05.17"]
[Round "12.5"]
[White "Fernandez Romero, Ernesto"]
[Black "Soppe, Guillermo"]
[Result "1/2-1/2"]
[WhiteElo "2449"]
[BlackElo "2453"]
[PlyCount "37"]
[EventDate "2005.05.06"]
[EventType "tourn"]
[EventRounds "1"]
[EventCountry "CUB"]
[EventCategory "8"]
[Source "lmi"]
[SourceDate "2005.05.22"]

1. e4 c6 2. Nc3 d5 3. d4 dxe4 4. Nxe4 Nf6 5. Nxf6+ gxf6 6. c3 Bf5 7. Nf3 e6 8.
g3 Nd7 9. Bg2 Bg7 10. O-O O-O 11. Nh4 Bg6 12. Nxg6 hxg6 13. a4 a5 14. b3 f5 15.
Ba3 Re8 16. Qc2 Qc7 17. Rad1 Rac8 18. Rfe1 b5 19. c4 1/2-1/2

[Event "Capablanca mem Premier I"]
[Site "La Habana CUB"]
[Date "2005.05.17"]
[Round "12.6"]
[White "Garcia Martinez, Silvino"]
[Black "Abreu, Aryam"]
[Result "1/2-1/2"]
[WhiteElo "2351"]
[BlackElo "2440"]
[PlyCount "135"]
[EventDate "2005.05.06"]
[EventType "tourn"]
[EventRounds "1"]
[EventCountry "CUB"]
[EventCategory "8"]
[Source "lmi"]
[SourceDate "2005.05.22"]

1. e4 c5 2. Nf3 d6 3. d4 cxd4 4. Nxd4 Nf6 5. Nc3 a6 6. a4 g6 7. Be2 Bg7 8. O-O
O-O 9. Kh1 Nc6 10. Nb3 Be6 11. f4 Na5 12. f5 Bc4 13. Bd3 b5 14. Nxa5 Qxa5 15.
Qe1 Rfc8 16. Bd2 b4 17. Ne2 Qe5 18. Bf4 Qc5 19. Rc1 gxf5 20. b3 Bxd3 21. cxd3
Qa5 22. Nd4 fxe4 23. Rxc8+ Rxc8 24. dxe4 e6 25. Bxd6 Rc3 26. Qf2 Qh5 27. Qf4
Qg4 28. Qxg4 Nxg4 29. Bxb4 Bxd4 30. Bxc3 Bxc3 31. h3 Nf6 32. g4 Nxe4 33. Kg2
Nd2 34. Rc1 Bb4 35. Rc8+ Kg7 36. Rb8 a5 37. Rxb4 axb4 38. a5 Nc4 39. bxc4 b3
40. a6 b2 41. a7 b1=Q 42. a8=Q Qc2+ 43. Kg3 Qxc4 44. Qa1+ f6 45. Qa7+ Kg6 46.
Qe7 e5 47. Qe8+ Kg7 48. Qd7+ Qf7 49. Qd6 Qa7 50. Qe6 Qf7 51. Qc6 Qe7 52. Qe4
Qa3+ 53. Kg2 Qb2+ 54. Kg3 Qb3+ 55. Kg2 Kh6 56. h4 Qb2+ 57. Kg3 Qc3+ 58. Kg2 Qd4
59. Qf5 Qb2+ 60. Kh3 Qa3+ 61. Kg2 Qe7 62. Qe4 Kg7 63. Kh2 Qd7 64. Kg2 Qf7 65.
Kg3 h5 66. g5 Qa2 67. gxf6+ Kxf6 68. Qf3+ 1/2-1/2

[Event "Capablanca mem Premier I"]
[Site "La Habana CUB"]
[Date "2005.05.17"]
[Round "12.7"]
[White "Zambrana, Oswaldo"]
[Black "Kallio, Heikki"]
[Result "1/2-1/2"]
[WhiteElo "2472"]
[BlackElo "2469"]
[PlyCount "106"]
[EventDate "2005.05.06"]
[EventType "tourn"]
[EventRounds "1"]
[EventCountry "CUB"]
[EventCategory "8"]
[Source "lmi"]
[SourceDate "2005.05.22"]

1. e4 b6 2. d4 e6 3. Nf3 Bb7 4. Bd3 c5 5. O-O cxd4 6. Nxd4 Nc6 7. Nxc6 Bxc6 8.
c4 Qc7 9. Nc3 Bd6 10. f4 e5 11. Qg4 Ne7 12. f5 Bc5+ 13. Kh1 Rg8 14. Bd2 Qd6 15.
Nd5 Bxd5 16. exd5 f6 17. a3 a5 18. b4 Bd4 19. Rab1 axb4 20. axb4 Ra2 21. Qxd4
exd4 22. Bf4 Qxf4 23. Rxf4 Rd2 24. Be4 d6 25. c5 Kd7 26. c6+ Kc7 27. Bf3 b5 28.
Re1 Nc8 29. h4 d3 30. Re3 Rf8 31. Rd4 Rf7 32. Rdxd3 Rxd3 33. Rxd3 Re7 34. Rd4
Nb6 35. Kh2 Nc4 36. Rd1 Kb6 37. Kg3 Ne3 38. Ra1 Nxf5+ 39. Kg4 Ne3+ 40. Kf4 Re5
41. c7 g5+ 42. hxg5 fxg5+ 43. Kg3 Kxc7 44. Ra7+ Kd8 45. Rb7 h5 46. Bxh5 Nxd5
47. Rxb5 Nf6 48. Rxe5 Nxh5+ 49. Kg4 Nf6+ 50. Kf5 dxe5 51. Kxe5 Ng4+ 52. Kf5
Ne3+ 53. Kxg5 Nxg2 1/2-1/2

[Event "Capablanca mem Premier I"]
[Site "La Habana CUB"]
[Date "2005.05.18"]
[Round "13.2"]
[White "Abreu, Aryam"]
[Black "Zambrana, Oswaldo"]
[Result "1-0"]
[WhiteElo "2440"]
[BlackElo "2472"]
[PlyCount "47"]
[EventDate "2005.05.06"]
[EventType "tourn"]
[EventRounds "1"]
[EventCountry "CUB"]
[EventCategory "8"]
[Source "lmi"]
[SourceDate "2005.05.22"]

1. e4 c5 2. Nf3 d6 3. d4 cxd4 4. Nxd4 Nf6 5. Nc3 a6 6. f4 e5 7. Nf3 Nbd7 8. a4
Be7 9. Bc4 Qa5 10. Qe2 exf4 11. Bxf4 Ne5 12. Bb3 O-O 13. O-O Bg4 14. Qe1 Qc7
15. Kh1 Rac8 16. Bg5 Qd8 17. Rd1 Nc4 18. Rd4 Nxb2 19. e5 Bxf3 20. exf6 Bxf6 21.
Bxf6 Qxf6 22. Qd2 Bxg2+ 23. Kxg2 Qg6+ 24. Kh1 1-0

[Event "Capablanca mem Premier I"]
[Site "La Habana CUB"]
[Date "2005.05.18"]
[Round "13.3"]
[White "Soppe, Guillermo"]
[Black "Garcia Martinez, Silvino"]
[Result "1/2-1/2"]
[WhiteElo "2453"]
[BlackElo "2351"]
[PlyCount "48"]
[EventDate "2005.05.06"]
[EventType "tourn"]
[EventRounds "1"]
[EventCountry "CUB"]
[EventCategory "8"]
[Source "lmi"]
[SourceDate "2005.05.22"]

1. Nf3 Nf6 2. g3 g6 3. b4 Bg7 4. Bb2 O-O 5. Bg2 d6 6. O-O e5 7. c4 Re8 8. Nc3
Nbd7 9. Qc2 a6 10. d3 c6 11. Qb3 Nf8 12. a4 d5 13. cxd5 cxd5 14. a5 d4 15. Na4
Be6 16. Qa3 N8d7 17. Ng5 Bd5 18. Bxd5 Nxd5 19. Qb3 N7f6 20. Nb6 Rb8 21. Nxf7
Kxf7 22. e4 dxe3 23. fxe3 Ke7 24. Nc4 Qd7 1/2-1/2

[Event "Capablanca mem Premier I"]
[Site "La Habana CUB"]
[Date "2005.05.18"]
[Round "13.4"]
[White "Mosquera, Miguel"]
[Black "Fernandez Romero, Ernesto"]
[Result "0-1"]
[WhiteElo "2434"]
[BlackElo "2449"]
[PlyCount "78"]
[EventDate "2005.05.06"]
[EventType "tourn"]
[EventRounds "1"]
[EventCountry "CUB"]
[EventCategory "8"]
[Source "lmi"]
[SourceDate "2005.05.22"]

1. e4 e6 2. d4 d5 3. Nd2 c5 4. exd5 Qxd5 5. Ngf3 cxd4 6. Bc4 Qd6 7. O-O Nf6 8.
Nb3 Nc6 9. Nbxd4 Nxd4 10. Qxd4 Bd7 11. Bf4 Qxd4 12. Nxd4 Rc8 13. Be2 Nd5 14.
Bg3 h5 15. h4 Bc5 16. Nb3 Bb6 17. c3 Ne7 18. Bd3 f6 19. a4 a6 20. a5 Ba7 21.
Rfe1 e5 22. Kh2 Kf7 23. f4 Be6 24. Bc2 exf4 25. Bxf4 Nd5 26. Bd2 Rhd8 27. g3
Nb4 28. Bg6+ Kxg6 29. Rxe6 Nc6 30. Be3 Bxe3 31. Rxe3 Ne5 32. Kg2 Rd5 33. Nd4
Nc4 34. Re7 Nxb2 35. Ne6 Rd2+ 36. Kh3 Nd3 37. Rxg7+ Kh6 38. Rc7 Re8 39. Nd4
Nf4+ 0-1

[Event "Capablanca mem Premier I"]
[Site "La Habana CUB"]
[Date "2005.05.18"]
[Round "13.5"]
[White "Perez, Rodney"]
[Black "Gonzalez, Yuri"]
[Result "1/2-1/2"]
[WhiteElo "2437"]
[BlackElo "2482"]
[PlyCount "21"]
[EventDate "2005.05.06"]
[EventType "tourn"]
[EventRounds "1"]
[EventCountry "CUB"]
[EventCategory "8"]
[Source "lmi"]
[SourceDate "2005.05.22"]

1. e4 c5 2. Nf3 d6 3. b3 Nf6 4. Bb5+ Bd7 5. Bxd7+ Nbxd7 6. Qe2 e6 7. c4 Be7 8.
Nc3 O-O 9. O-O Ne5 10. d3 a6 11. Be3 1/2-1/2

[Event "Capablanca mem Premier I"]
[Site "La Habana CUB"]
[Date "2005.05.18"]
[Round "13.7"]
[White "Vera, Reynaldo"]
[Black "Flores, Diego"]
[Result "0-1"]
[WhiteElo "2507"]
[BlackElo "2491"]
[PlyCount "84"]
[EventDate "2005.05.06"]
[EventType "tourn"]
[EventRounds "1"]
[EventCountry "CUB"]
[EventCategory "8"]
[Source "lmi"]
[SourceDate "2005.05.22"]

1. d4 Nf6 2. c4 e6 3. g3 c5 4. d5 exd5 5. cxd5 d6 6. Nc3 g6 7. Bg2 Bg7 8. Nf3
O-O 9. O-O Re8 10. Nd2 Nbd7 11. h3 Nh5 12. Nb5 Nb6 13. a4 a6 14. Nc3 Nd7 15.
Kh2 f5 16. e4 f4 17. g4 Ne5 18. gxh5 Qh4 19. Ra3 g5 20. Ne2 Rf8 21. Kg1 Bd7 22.
f3 b5 23. axb5 axb5 24. b3 Nd3 25. Nb1 Ne5 26. Nd2 Rxa3 27. Bxa3 Bxh3 28. Bxh3
Qxh3 29. Rf2 g4 30. Qf1 Qxh5 31. Rh2 Qg6 32. fxg4 f3 33. Ng3 Nxg4 34. Nxf3 Nxh2
35. Kxh2 Be5 36. Nxe5 Qh6+ 37. Qh3 Rf2+ 38. Kg1 Qxh3 39. Kxf2 Qh2+ 40. Kf3 Qa2
41. Bxc5 Qxb3+ 42. Kg4 dxe5 0-1

[Event "Capablanca mem Premier II"]
[Site "La Habana CUB"]
[Date "2005.05.06"]
[Round "1.1"]
[White "Borges, Juan"]
[Black "Prasca Sosa, Raphael"]
[Result "1/2-1/2"]
[WhiteElo "2484"]
[BlackElo "2442"]
[PlyCount "37"]
[EventDate "2005.05.06"]
[EventType "tourn"]
[EventRounds "1"]
[EventCountry "CUB"]
[EventCategory "8"]
[Source "lmi"]
[SourceDate "2005.05.22"]

1. d4 d5 2. c4 c6 3. Nf3 Nf6 4. Nc3 e6 5. Bg5 h6 6. Bxf6 Qxf6 7. Qc2 Nd7 8. e4
dxe4 9. Qxe4 g6 10. Bd3 Bg7 11. O-O-O O-O 12. Rhe1 c5 13. Bc2 cxd4 14. Nxd4 Nc5
15. Qe3 b6 16. f4 Bb7 17. g3 Rfd8 18. Nf3 Rxd1+ 19. Rxd1 1/2-1/2

[Event "Capablanca mem Premier II"]
[Site "La Habana CUB"]
[Date "2005.05.08"]
[Round "3.1"]
[White "Hernandez, Roman"]
[Black "Prasca Sosa, Raphael"]
[Result "1/2-1/2"]
[WhiteElo "2367"]
[BlackElo "2442"]
[PlyCount "26"]
[EventDate "2005.05.06"]
[EventType "tourn"]
[EventRounds "1"]
[EventCountry "CUB"]
[EventCategory "8"]
[Source "lmi"]
[SourceDate "2005.05.22"]

1. d4 d5 2. c4 c6 3. cxd5 cxd5 4. Nc3 Nf6 5. Nf3 Nc6 6. Bf4 Bf5 7. e3 e6 8. Bd3
Bxd3 9. Qxd3 Be7 10. O-O O-O 11. Rfc1 Nd7 12. Qe2 Nb6 13. Ne1 Rc8 1/2-1/2

[Event "Capablanca mem Premier II"]
[Site "La Habana CUB"]
[Date "2005.05.08"]
[Round "3.2"]
[White "Giaccio, Alfredo"]
[Black "Borges, Juan"]
[Result "1-0"]
[WhiteElo "2478"]
[BlackElo "2484"]
[PlyCount "63"]
[EventDate "2005.05.06"]
[EventType "tourn"]
[EventRounds "1"]
[EventCountry "CUB"]
[EventCategory "8"]
[Source "lmi"]
[SourceDate "2005.05.22"]

1. e4 e6 2. d4 d5 3. Nc3 Nf6 4. Bg5 Be7 5. e5 Nfd7 6. Bxe7 Qxe7 7. f4 a6 8. Nf3
c5 9. Qd2 Nc6 10. dxc5 Qxc5 11. h4 b5 12. h5 h6 13. Bd3 Bb7 14. Rh3 Nb6 15. Rg3
Rg8 16. Qf2 Nd7 17. Qxc5 Nxc5 18. a4 b4 19. Ne2 Ke7 20. Nfd4 f5 21. Rg6 Raf8
22. g4 fxg4 23. Rxg4 Ne4 24. Bxe4 dxe4 25. Nb3 Rc8 26. O-O-O Nd8 27. Rd6 Bd5
28. Nbd4 Nc6 29. b3 a5 30. Rg6 Kf7 31. Nxc6 Rxc6 32. Rd7+ 1-0

[Event "Capablanca mem Premier II"]
[Site "La Habana CUB"]
[Date "2005.05.08"]
[Round "3.3"]
[White "Quezada, Yuniesky"]
[Black "Gongora, Maikel"]
[Result "1-0"]
[WhiteElo "2502"]
[BlackElo "2454"]
[PlyCount "77"]
[EventDate "2005.05.06"]
[EventType "tourn"]
[EventRounds "1"]
[EventCountry "CUB"]
[EventCategory "8"]
[Source "lmi"]
[SourceDate "2005.05.22"]

1. e4 c5 2. Nf3 Nc6 3. Bb5 Nf6 4. e5 Nd5 5. Nc3 Nc7 6. Bxc6 dxc6 7. h3 Bf5 8.
d3 e6 9. Qe2 Be7 10. O-O h6 11. Ne4 Nb5 12. c3 a5 13. Be3 b6 14. a4 Nc7 15.
Nfd2 O-O 16. Nc4 Nd5 17. f4 Bh7 18. Rad1 Ra7 19. Kh1 Rd7 20. Bg1 Qb8 21. Bh2
Qa7 22. Ned6 Bxd6 23. Nxd6 Ne7 24. g4 Nc8 25. f5 Nxd6 26. exd6 exf5 27. gxf5 f6
28. Rde1 Kh8 29. c4 b5 30. b3 Qb7 31. Qg2 bxc4 32. bxc4 Bg8 33. Re3 Bh7 34. Qf3
Rdf7 35. Rfe1 Qb4 36. Re8 Kg8 37. Qh5 Qb7 38. R1e7 Qb1+ 39. Bg1 1-0

[Event "Capablanca mem Premier II"]
[Site "La Habana CUB"]
[Date "2005.05.08"]
[Round "3.4"]
[White "Schilow, Wladimir"]
[Black "Hernandez, Holden"]
[Result "1/2-1/2"]
[WhiteElo "2425"]
[BlackElo "2446"]
[PlyCount "58"]
[EventDate "2005.05.06"]
[EventType "tourn"]
[EventRounds "1"]
[EventCountry "CUB"]
[EventCategory "8"]
[Source "lmi"]
[SourceDate "2005.05.22"]

1. e4 e5 2. Nf3 Nc6 3. Bb5 a6 4. Bxc6 dxc6 5. Nc3 f6 6. d4 Bg4 7. dxe5 Qxd1+ 8.
Nxd1 Bxf3 9. gxf3 fxe5 10. f4 exf4 11. Bxf4 O-O-O 12. Ne3 Re8 13. f3 Nf6 14.
Ke2 Bc5 15. Rad1 Rhf8 16. Bg3 g5 17. h3 h5 18. Bf2 g4 19. hxg4 Bxe3 20. Kxe3
hxg4 21. Bh4 Nd5+ 22. Kd2 Nb6 23. fxg4 Rxe4 24. g5 Rd8+ 25. Kc1 Rxd1+ 26. Kxd1
Rg4 27. Ke2 Nc4 28. Kf2 Ne5 29. Bg3 Rxg5 1/2-1/2

[Event "Capablanca mem Premier II"]
[Site "La Habana CUB"]
[Date "2005.05.08"]
[Round "3.5"]
[White "Estremera Panos, Sergio"]
[Black "Corrales, Fidel"]
[Result "0-1"]
[WhiteElo "2385"]
[BlackElo "2501"]
[PlyCount "60"]
[EventDate "2005.05.06"]
[EventType "tourn"]
[EventRounds "1"]
[EventCountry "CUB"]
[EventCategory "8"]
[Source "lmi"]
[SourceDate "2005.05.22"]

1. d4 d5 2. c4 e6 3. Nc3 Be7 4. Nf3 Nf6 5. Bg5 h6 6. Bh4 O-O 7. e3 b6 8. Bd3
Bb7 9. O-O Nbd7 10. Bg3 c5 11. cxd5 Nxd5 12. Nxd5 Bxd5 13. Rc1 cxd4 14. e4 Bb7
15. Bc7 Qe8 16. Nxd4 Bc5 17. Nb5 Qe7 18. Bg3 a6 19. Nc3 Rfd8 20. Qe2 Bd4 21.
Na4 b5 22. Nc3 Nc5 23. Bb1 b4 24. Nd1 Qg5 25. Rc4 a5 26. h4 Qxg3 27. Rxd4 Qxh4
28. Rxd8+ Rxd8 29. g3 Qg5 30. Re1 Qd2 0-1

[Event "Capablanca mem Premier II"]
[Site "La Habana CUB"]
[Date "2005.05.09"]
[Round "4.1"]
[White "Prasca Sosa, Raphael"]
[Black "Colovic, Aleksandar"]
[Result "1/2-1/2"]
[WhiteElo "2442"]
[BlackElo "2418"]
[PlyCount "67"]
[EventDate "2005.05.06"]
[EventType "tourn"]
[EventRounds "1"]
[EventCountry "CUB"]
[EventCategory "8"]
[Source "lmi"]
[SourceDate "2005.05.22"]

1. e4 c5 2. Nf3 d6 3. d4 cxd4 4. Nxd4 Nf6 5. Nc3 a6 6. Bg5 e6 7. Qf3 Nbd7 8.
O-O-O Qa5 9. h4 h6 10. Bxf6 Nxf6 11. Nb3 Qb6 12. g4 h5 13. g5 Ng4 14. Rd2 Bd7
15. Qe2 Rc8 16. Rd4 g6 17. Qd2 Ne5 18. Rh3 Nc6 19. Rc4 Be7 20. Re3 O-O 21. f4
Rfd8 22. Nd5 exd5 23. exd5 Bf8 24. dxc6 d5 25. cxd7 Rxc4 26. Bxc4 dxc4 27. Nd4
Rxd7 28. c3 Qa5 29. Re8 Qxa2 30. f5 Qa1+ 31. Kc2 Qa4+ 32. Kc1 Qa1+ 33. Kc2 Qa4+
34. Kc1 1/2-1/2

[Event "Capablanca mem Premier II"]
[Site "La Habana CUB"]
[Date "2005.05.09"]
[Round "4.2"]
[White "Almeida, Omar"]
[Black "Perez, Orelvis"]
[Result "1-0"]
[WhiteElo "2452"]
[BlackElo "2439"]
[PlyCount "133"]
[EventDate "2005.05.06"]
[EventType "tourn"]
[EventRounds "1"]
[EventCountry "CUB"]
[EventCategory "8"]
[Source "lmi"]
[SourceDate "2005.05.22"]

1. d4 d5 2. Nf3 c6 3. c4 Nf6 4. Nc3 dxc4 5. a4 Bf5 6. e3 e6 7. Bxc4 Bb4 8. O-O
O-O 9. Qb3 Qb6 10. Nh4 Bg6 11. Nxg6 hxg6 12. Rd1 c5 13. Na2 Nc6 14. Nxb4 Na5
15. Qc2 cxb4 16. Bf1 Rac8 17. Qd3 Rfd8 18. Bd2 e5 19. Rac1 Rxc1 20. Bxc1 exd4
21. exd4 Nc6 22. Be3 Ng4 23. Qe4 Nxe3 24. fxe3 Qc7 25. Rc1 Qd6 26. Rc5 Ne7 27.
Qxb7 Nd5 28. Rc6 Qf8 29. e4 Ne3 30. Qxa7 Qe8 31. Qb6 Ra8 32. Qb7 Rb8 33. Qc7
Ra8 34. Bd3 Nd5 35. Qb7 Nf4 36. Bc4 Kh7 37. Bf1 Ra7 38. Qxa7 Qxc6 39. d5 Qc1
40. d6 Qxb2 41. Qe3 Ne6 42. d7 b3 43. a5 Qe5 44. Qh3+ Kg8 45. Qxb3 Qd4+ 46. Kh1
Qxd7 47. a6 Qa7 48. h3 Kh7 49. Qf3 g5 50. Qf5+ g6 51. Qf6 Qc7 52. e5 Kg8 53.
Qf3 Kg7 54. Qa3 Qa7 55. Bc4 Kh6 56. Bxe6 fxe6 57. Qa1 g4 58. hxg4 Kg5 59. Qf1
Qh7+ 60. Kg1 Qa7+ 61. Kh2 Qh7+ 62. Kg3 Qh4+ 63. Kf3 Qxg4+ 64. Ke3 Qg3+ 65. Kd4
Qa3 66. Qf6+ Kh5 67. Qf3+ 1-0

[Event "Capablanca mem Premier II"]
[Site "La Habana CUB"]
[Date "2005.05.09"]
[Round "4.4"]
[White "Hernandez, Holden"]
[Black "Estremera Panos, Sergio"]
[Result "1-0"]
[WhiteElo "2446"]
[BlackElo "2385"]
[PlyCount "94"]
[EventDate "2005.05.06"]
[EventType "tourn"]
[EventRounds "1"]
[EventCountry "CUB"]
[EventCategory "8"]
[Source "lmi"]
[SourceDate "2005.05.22"]

1. e4 e5 2. Nf3 Nc6 3. Bb5 a6 4. Bxc6 dxc6 5. O-O f6 6. d4 exd4 7. Nxd4 c5 8.
Ne2 Qxd1 9. Rxd1 Bd7 10. Be3 O-O-O 11. Nbc3 Re8 12. f3 b6 13. Rd2 Ne7 14. Rad1
Bc6 15. Nf4 Ng6 16. Nxg6 hxg6 17. Bf4 Be7 18. h3 Bd8 19. Nd5 f5 20. exf5 gxf5
21. c4 g5 22. Bg3 a5 23. Re1 f4 24. Bf2 Rxe1+ 25. Bxe1 Re8 26. Kf1 Re5 27. Nc3
Bf6 28. Re2 Rxe2 29. Kxe2 Kd7 30. Nd1 Ke6 31. Bc3 Bd4 32. Kd3 Ke5 33. Nf2 Bd7
34. Ng4+ Bxg4 35. hxg4 a4 36. Kc2 c6 37. Be1 Be3 38. Kd3 Bd4 39. b3 axb3 40.
axb3 b5 41. Ba5 Kf6 42. Bd8+ Kg6 43. Ke4 bxc4 44. bxc4 Bg7 45. Bc7 Bf6 46. Bd6
Bd4 47. Be7 Kh6 1-0

[Event "Capablanca mem Premier II"]
[Site "La Habana CUB"]
[Date "2005.05.09"]
[Round "4.5"]
[White "Gongora, Maikel"]
[Black "Schilow, Wladimir"]
[Result "1/2-1/2"]
[WhiteElo "2454"]
[BlackElo "2425"]
[PlyCount "112"]
[EventDate "2005.05.06"]
[EventType "tourn"]
[EventRounds "1"]
[EventCountry "CUB"]
[EventCategory "8"]
[Source "lmi"]
[SourceDate "2005.05.22"]

1. e4 e6 2. d4 d5 3. Nc3 Nf6 4. Bg5 dxe4 5. Nxe4 Nbd7 6. Nxf6+ Nxf6 7. Nf3 h6
8. Bh4 Be7 9. c3 O-O 10. Bd3 b6 11. Qe2 Bb7 12. O-O-O Nh5 13. Bg3 Bd6 14. Kb1
Nf4 15. Bxf4 Bxf4 16. Bc2 Qf6 17. h4 Rfd8 18. Rhe1 c5 19. Be4 Rab8 20. Bxb7
Rxb7 21. dxc5 bxc5 22. Rxd8+ Qxd8 23. Qe4 Qb6 24. b3 Bd6 25. Nd2 Be7 26. Nc4
Qc7 27. Rd1 Bf6 28. Kc2 Rb8 29. g3 g6 30. Rd6 Rc8 31. a4 h5 32. a5 Be7 33. Rd3
Bf6 34. a6 Qc6 35. Qxc6 Rxc6 36. Rd6 Rc7 37. Na3 Be7 38. Rd1 Rc6 39. Rd7 Rxa6
40. Nb5 Bf6 41. Rxa7 Rxa7 42. Nxa7 Kf8 43. Nc8 Be7 44. Kd3 Ke8 45. Nb6 f5 46.
Na4 Bd6 47. Kc4 e5 48. Nxc5 e4 49. Ne6 e3 50. fxe3 Bxg3 51. Nf4 Bxh4 52. Nxg6
Bg5 53. Kd4 h4 54. Nxh4 Bxh4 55. Ke5 Bg5 56. Kxf5 Bxe3 1/2-1/2

[Event "Capablanca mem Premier II"]
[Site "La Habana CUB"]
[Date "2005.05.09"]
[Round "4.6"]
[White "Borges, Juan"]
[Black "Quezada, Yuniesky"]
[Result "0-1"]
[WhiteElo "2484"]
[BlackElo "2502"]
[PlyCount "102"]
[EventDate "2005.05.06"]
[EventType "tourn"]
[EventRounds "1"]
[EventCountry "CUB"]
[EventCategory "8"]
[Source "lmi"]
[SourceDate "2005.05.22"]

1. Nf3 Nf6 2. c4 e6 3. g3 d5 4. Bg2 dxc4 5. Qa4+ c6 6. Qxc4 b5 7. Qc2 Bb7 8.
O-O Nbd7 9. a4 Rc8 10. Nc3 a6 11. d3 Be7 12. e4 O-O 13. Rd1 Qb6 14. d4 b4 15.
a5 Qa7 16. Na4 c5 17. e5 cxd4 18. Qe2 Nd5 19. Rxd4 Nxe5 20. Qxe5 Bf6 21. Rxd5
Bxe5 22. Rxe5 Bc6 23. Nb6 Rcd8 24. Be3 Qb7 25. Ne1 Bxg2 26. Nxg2 b3 27. Ne1 f6
28. Rc5 Rd6 29. Rac1 Rfd8 30. f3 Qf7 31. Kf2 e5 32. Rc8 Qe6 33. g4 h6 34. h3
Kh7 35. Rxd8 Rxd8 36. Na4 Qd7 37. Nc3 Qc7 38. Ra1 Qf7 39. Ra4 f5 40. gxf5 Qxf5
41. Rg4 e4 42. Rxe4 Qxa5 43. Ra4 Qh5 44. h4 a5 45. Ne2 Rd7 46. Ng2 Qf5 47. Bd4
Rf7 48. Ne1 Re7 49. Be3 Qb1 50. Ng2 Qxb2 51. Ngf4 Qc2 0-1

[Event "Capablanca mem Premier II"]
[Site "La Habana CUB"]
[Date "2005.05.09"]
[Round "4.7"]
[White "Hernandez, Roman"]
[Black "Giaccio, Alfredo"]
[Result "1/2-1/2"]
[WhiteElo "2367"]
[BlackElo "2478"]
[PlyCount "60"]
[EventDate "2005.05.06"]
[EventType "tourn"]
[EventRounds "1"]
[EventCountry "CUB"]
[EventCategory "8"]
[Source "lmi"]
[SourceDate "2005.05.22"]

1. d4 d5 2. c4 e6 3. Nf3 Nf6 4. Nc3 c6 5. cxd5 cxd5 6. Bg5 Be7 7. e3 Nc6 8. Bd3
O-O 9. O-O Ne8 10. Bxe7 Qxe7 11. Rc1 Bd7 12. Qe2 Rc8 13. Bb1 Nd6 14. Qd3 f5 15.
Qe2 a6 16. Ne1 Ne4 17. Nd3 Nb4 18. f3 Nxd3 19. Bxd3 Nxc3 20. bxc3 b5 21. e4
fxe4 22. fxe4 Rxf1+ 23. Rxf1 dxe4 24. Qxe4 g6 25. Qe1 Rf8 26. Rxf8+ Qxf8 27.
Bc2 Qf4 28. Bb3 Kf7 29. Qf2 Qxf2+ 30. Kxf2 Bc6 1/2-1/2